Микроимпланты в ортодонтическом лечении. Т. 2: Особенности применения микроимплантов в ортодонтии (Запись № 12479791)

Подробности
000 -МАРКЕР
контрольное поле 02221nam2a2200277 4500
001 - ИДЕНТИФИКАТОР ЗАПИСИ
контрольное поле RU\NLR\BIBL_A\022009617
005 - ИДЕНТИФИКАТОР ВЕРСИИ
контрольное поле 20231010162632.0
010 ## - МЕЖДУНАРОДНЫЙ СТАНДАРТНЫЙ НОМЕР КНИГИ (ISBN)
Номер (ISBN) 978-5-604190-21-0
Уточнения т. 2
Тираж 200
021 ## - НОМЕР ГОСУДАРСТВЕННОЙ РЕГИСТРАЦИИ
Код страны Российская Федерация
Номер КН-П-23-045543
Номер Листа государственной регистраци КН-П-23-4553
035 ## - ДРУГИЕ СИСТЕМНЫЕ НОМЕРА
Идентификатор записи (NLR Aleph) 022009617
100 ## - ДАННЫЕ ОБЩЕЙ ОБРАБОТКИ
Данные общей обработки 20230823d2023 u y0rusy50 ca
101 1# - ЯЗЫК РЕСУРСА
Язык текста, звукозаписи и т.д. русский
Язык оригинала английский
102 ## - СТРАНА ПУБЛИКАЦИИ ИЛИ ПРОИЗВОДСТВА
Страна публикации Российская Федерация
105 ## - ПОЛЕ КОДИРОВАННЫХ ДАННЫХ: ТЕКСТОВЫЕ МАТЕРИАЛЫ, МОНОГРАФИЧЕСКИЕ
Кодированные данные о монографическом текстовом документе а z 001zy
200 1# - ЗАГЛАВИЕ И СВЕДЕНИЯ ОБ ОТВЕТСТВЕННОСТИ
Основное заглавие Особенности применения микроимплантов в ортодонтии
Сведения, относящиеся к заглавию открытый прикус, глубокий прикус, лечение аномалии III класса, лечение без удаления отдельных зубов, частные случаи клинического применения микроимплантов
Первые сведения об ответственности перевод с английского канд. мед. наук И. Н. Минаевой
210 ## - ПУБЛИКАЦИЯ, РАСПРОСТРАНЕНИЕ И ДР.
Дата издания, распространения и т.д. 2023
215 ## - ФИЗИЧЕСКАЯ ХАРАКТЕРИСТИКА
Специфическое обозначение материала и объем 361 с.
Другие сведения о физической характеристике цв. ил., портр.
300 ## - ОБЩИЕ ПРИМЕЧАНИЯ
Текст примечания Общ. загл. вып.: Микроимпланты в ортодонтическом лечении
320 ## - ПРИМЕЧАНИЯ О НАЛИЧИИ В ДОКУМЕНТЕ БИБЛИОГРАФИИ / УКАЗАТЕЛЯ
Текст примечания Библиогр. в конце глав
320 ## - ПРИМЕЧАНИЯ О НАЛИЧИИ В ДОКУМЕНТЕ БИБЛИОГРАФИИ / УКАЗАТЕЛЯ
Текст примечания Алф. указ.: с. 355-361
461 #0 - УРОВЕНЬ НАБОРА
Встроенное поле 001RU\NLR\BIBL_A\012772957
-- 2001#$aМикроимпланты в ортодонтическом лечении$eхирургическая установка и ведение, биомеханика и лечение с удалением отдельных зубов$eфундаментальное руководство$eв 2 т.$fХью-Сон Пак$gперевод с английского Е.С. Антипова [и др.]$vТ. 2
-- 700#0$aПак Хью-Сон$3RU\NLR\AUTH\770243097
Системный номер (АБИС) связанной записи 13098535
Автор Пак Хью-Сон
Место публикации Новосибирск
Дата публикации 2021
Первые сведения об ответственности Хью-Сон Пак
Имя издателя, распространителя и т.д. Немо Пресс
Сведения, относящиеся к заглавию хирургическая установка и ведение, биомеханика и лечение с удалением отдельных зубов : фундаментальное руководство : в 2 т.
Заглавие Микроимпланты в ортодонтическом лечении
ISBN 9785604290197
Номер тома Т. 2
942 ## - ДОПОЛНИТЕЛЬНЫЕ ЭЛЕМЕНТЫ ЗАПИСИ (АБИС)
Тип экземпляра АБИС Книга
980 ## - КОЛЛЕКЦИЯ
Название коллекции Национальная библиография
Экземпляры
Тип экземпляра Дата поступления Источник поступления Библиотека постоянного хранения Библиотека текущего хранения Место хранения Шифр хранения Штрих-код Статус экземпляра
Книга 23.08.2023 Обязательный экземпляр РНБ (Московский) РНБ (Московский) Русский книжный фонд: издания с 1957 года 2022-8/1527 1-4212307  
Книга 23.08.2023 Обязательный экземпляр РНБ (Московский) РНБ (Московский) Русский книжный фонд: издания с 1957 года 2022-8/1527 1-4212308